International conference on safety by design : (Record no. 147226)

MARC details
000 -LEADER
fixed length control field 00577nam a22001817a 4500
005 - DATE AND TIME OF LATEST TRANSACTION
control field 20171113101811.0
010 ## - LCCN (DPL NO)
LC control number ENG-121258
020 ## - INTERNATIONAL STANDARD BOOK NUMBER
Terms of availability 850.00
International Standard Book Number 9788184249026
035 ## - SYSTEM CONTROL NUMBER
System control number EN-104790
037 ## - SOURCE OF ACQUISITION
Source of stock number/acquisition DBAD/PUB
082 ## - DEWEY DECIMAL CLASSIFICATION NUMBER
Classification number 623
245 ## - TITLE STATEMENT
Title International conference on safety by design :
Remainder of title recent trends in design & manufacturing /
260 ## - PUBLICATION, DISTRIBUTION, ETC. (IMPRINT)
Place of publication, distribution, etc New Delhi
Name of publisher, distributor, etc Allied Publishers Pvt.Ltd.
Date of publication, distribution, etc 2014
270 ## - ADDRESS
Address 1/13-14 Asaf Ali Road
City New Delhi
Postal code 110002
300 ## - PHYSICAL DESCRIPTION
Extent xiv, 348p. :
Dimensions 24cm(pbk)
Other physical details ill.
500 ## - GENERAL NOTE
General note Includes index
942 ## - ADDED ENTRY ELEMENTS (KOHA)
Source of classification or shelving scheme Dewey Decimal Classification
Item type English Books
Classification part 623
Call number suffix INT
Holdings
Withdrawn status Lost status Not for loan Collection code Home library Current library Date acquired Source of acquisition Cost, normal purchase price Full call number Barcode Copy number Cost, replacement price Koha item type
      Non-fiction Shahdara Branch Shahdara Branch 07/11/2017 DBAD/PUB 850.00 623 INT EN-104790 1 850.00 English Books

© Delhi Public Library
Hit Counter
free hit counter